| 000 | 02475nam a2200421 c 4500 | ||
|---|---|---|---|
| 001 | 53193 | ||
| 003 | ES-MaCES | ||
| 005 | 20250203133029.0 | ||
| 008 | 240521s2024 uk | 000 ||eng d | ||
| 020 | _a9781009355339 | ||
| 040 |
_aES-MaCES _bspa _cES-MaCES |
||
| 100 | 1 |
_941069 _aWilson, Andrew |
|
| 245 | 1 | 0 |
_aPolitical technology _b: the globalisation of political manipulation _cAndrew Wilson |
| 250 | _a1st ed | ||
| 260 |
_aCambridge [etc.] _bCambridge University Press _c2024 |
||
| 300 |
_aXII, 468 p. _c23 cm |
||
| 500 | _aÍndices | ||
| 520 | 3 | _a"Tecnología política" es un término ruso para designar la ingeniería profesional de la política. Ha convertido la política rusa en teatro y propaganda, y ha hecho metástasis para hacerse cargo de la política exterior y convertir la historia en un arma. La guerra contra Ucrania es un resultado. En Occidente los asesores políticos hacen más que influir en los medios o realizar campañas: también han ayudado a construir universos paralelos de realidad política alternativa. Hungría ha utilizado la tecnología política para desmantelar la democracia. El BJP en India lo ha utilizado para consolidar un poder sin precedentes. Los diferentes países aprenden unos de otros. Algunos tipos de tecnología política se han vuelto notorios, como las granjas de trolls o la minería de datos; pero ahora existe una industria mayorista global que vende una variedad de técnicas de manipulación, desde astroturfing hasta fiestas falsas y aplicaciones de propaganda. Este libro muestra que la 'tecnología política' es mucho más que desinformación en línea: se trata de industrias completamente nuevas de ingeniería política. | |
| 541 | _cCompra | ||
| 650 | 4 |
_atecnología _928238 |
|
| 650 | 4 |
_atecnología de la información _930104 |
|
| 650 | 4 |
_aindustria de alta tecnología _930473 |
|
| 650 | 4 |
_aevaluación del impacto _930732 |
|
| 650 | 4 |
_apolítica _927246 |
|
| 650 | 4 |
_acomportamiento político _927237 |
|
| 650 | 4 |
_apropaganda _927937 |
|
| 650 | 4 |
_apolítica de información _929434 |
|
| 650 | 4 |
_adifusión de la información _928915 |
|
| 650 | 4 |
_acontrol social _927287 |
|
| 650 | 4 |
_apoder político _927200 |
|
| 650 | 4 |
_apolítica exterior _926687 |
|
| 650 | 4 |
_aestudio de casos _928846 |
|
| 650 | 4 |
_ateoría política _927233 |
|
| 653 | 1 | 0 | _aCiencias Sociales-Políticas |
| 710 | 2 |
_91710 _aCambridge University _eed. |
|
| 902 | _aLIB Libro | ||
| 942 |
_2CES _cBK _h7.0. |
||
| 999 |
_c53193 _d53193 |
||